00454nam a2200157Ia 4500100002300000942000700023366000700030654001800037245001800055260004600073082000800119300000900127546001200136999001700148952013100165 aReinhardt/ Robert  cBK f15 aFlash 5 Bible aFlash 5 Bible bIDG Books India (P) Ltd.aNew Delhic2001 a5.1 a1299 aENGLISH c33580d33580 001040708AFTaCRCEbCRCEd2023-03-17eU.B.D.g424.15i4644/23/07/2001l0o5.1 pAFT7533r2023-03-17v499.00w0000-00-00yBK